000 00319pab a2200121 454500
008 180718b xxu||||| |||| 00| 0 eng d
100 _aKaran, Singh
245 _aCommunal problems in Rajasthan
650 _a Communalism
650 _aCommunalism - India - Rajasthan
773 _aPolitical Science Review
909 _a22048
999 _c22048
_d22048